Szczegóły MARC21

Pamiętniki kamerdynera cesarza Napoleona I /

003 -Nazwa inst., której nr kontr. jest w polu 001 [,]
    • @
    • Nazwa instytucji, której n kontrolny jest w polu 001
    • NUKAT
005 -DATA I CZAS OSTATNIEJ MODYFIKACJI [,]
    • @
    • pole kontrolne
    • 20241231115213.0
040 -Instytucja sporządzająca opis [ , ]
    • a
    • Instytucja, która sporządziła opis (NP)
    • LUBL U/MG
    • c
    • Instytucja, która sporządziła rekord (NP)
    • LUBL U/MG
    • d
    • Instytucja, która zmodyfikowała rekord (P)
    • LUBL U/bg
    • d
    • Instytucja, która zmodyfikowała rekord (P)
    • LUBL U/ABs
    • d
    • Instytucja, która zmodyfikowała rekord (P)
    • KR PAU/ynk
    • d
    • Instytucja, która zmodyfikowała rekord (P)
    • WA U/JOK
    • d
    • Instytucja, która zmodyfikowała rekord (P)
    • GD 27/LKs
041 -Język dokumentu [1, ]
    • a
    • Język tekstu (P)
    • polski
    • h
    • Język tekstu oryginalnego i/lub pośredniego (P)
    • francuski
942 -Rodzaj dokumentu [ , ]
    • c
    • Rodzaj dokumentu
    • Książka
100 -Hasło główne - nazwa osobowa [1, ]
    • a
    • Nazwa osobowa (NP)
    • Wairy, Constant
    • d
    • Daty biograficzne (NP)
    • (1778-1845).
    • 9
    • KHW
    • 70541
240 -Tytuł ujednolicony [1,0]
    • a
    • Tytuł ujednolicony
    • Mémoires de Constant, premier valet de chambre de l'empereur, sur la vie privée de Napoléon, sa famille et sa cour
    • l
    • Język tekstu
    • (pol.)
    • 9
    • KHW
    • 70544
245 -Strefa tytułu i oznaczenia odpowiedzialności [1,0]
    • a
    • Tytuł
    • Pamiętniki kamerdynera cesarza Napoleona I / Find
    • c
    • Pozostałe elementy strefy tytułu i oznaczenia odpowiedzialności (NP)
    • Louis Wairy Constant ; przeł. Tadeusz Ewert ; przedm. i przypisami opatrzył Jerzy Skowronek.
246 -Wariant tytułu [1, ]
    • i
    • Tekst wyświetlany na ekranie monitora (NP)
    • Tyt. oryg.:
    • a
    • Tytuł (NP)
    • Mémoires de Constant, premier valet de chambre de Napoléon I
260 -Strefa adresu wydawniczego [ , ]
    • a
    • Miejsce wydania (P)
    • Warszawa :
    • b
    • Nazwa wydawcy (P)
    • Czytelnik,
    • c
    • Data wydania (P)
    • 1972.
300 -Strefa opisu fizycznego [ , ]
    • a
    • Określenie formy książki i/lub objętość (NP)
    • 358, [2] s., [16] s. tabl. ;
    • c
    • Format (NP)
    • 20 cm.
336 -Typ zawartości [ , ]
    • a
    • Termin opisujący typ zawartości
    • Tekst
    • b
    • Kod określający zawartość
    • txt
    • 2
    • Źródło (terminu i kodu)
    • rdacontent
337 -Typ mediów [ , ]
    • a
    • Tryb odtwarzania
    • Bez urządzenia pośredniczącego
    • b
    • Kod typu mediów
    • n
    • 2
    • Źródło (terminu i kodu)
    • rdamedia
338 -Typ/rodzaj nośnika [ , ]
    • a
    • Hasło opisujące typ nośnika
    • Wolumin
    • b
    • Kod typu nośnika
    • nc
    • 2
    • Źródło (terminu i kodu)
    • rdacarrier
080 -Uniwersalna Klasyfikacja Dziesiętna [ , ]
    • a
    • Symbol klasyfikacji
    • 94(44)
    • 2
    • Identyfikator wydania tablic
    • UDC-P058
    • 9
    • UKD
    • 7037
    • b
    • Dopowiedzenie
    • Historia. Francja. Republika Francuska.
    • 4
    • UKD2
    • 8205
    • x
    • Poddział wspólny
    • "17/18"
    • c
    • Dopowiedzenie poddz. wspólnego
    • Wiek XVIII/XIX.
080 -Uniwersalna Klasyfikacja Dziesiętna [ , ]
    • a
    • Symbol klasyfikacji
    • 929-051A/Z
    • 2
    • Identyfikator wydania tablic
    • UDC-P058
    • 9
    • UKD
    • 8137
    • b
    • Dopowiedzenie
    • Pamiętniki, autobiografie indywidualne.
    • 4
    • UKD2
    • 8070
    • x
    • Poddział wspólny
    • (44)
    • c
    • Dopowiedzenie poddz. wspólnego
    • (Francja).
    • 4
    • UKD2
    • 8205
    • x
    • Poddział wspólny
    • "17/18"
    • c
    • Dopowiedzenie poddz. wspólnego
    • Wiek XVIII/XIX.
600 -Hasło przedmiotowe w formie nazwy osobowej [0,7]
    • a
    • Nazwa osobowa
    • Napoleon
    • b
    • Numeracja zwiazana z nazwą
    • I
    • c
    • Dopowiedzenie
    • (cesarz Francuzów ;
    • d
    • Daty związane z nazwą
    • 1769-1821)
    • v
    • Określnik formalny
    • powieści.
    • 2
    • Źródło terminu
    • kaba
    • 9
    • KHW
    • 384175
650 -Hasło przedmiotowe [ ,7]
    • a
    • Hasło przedmiotowe
    • Wojny napoleońskie (1800-1815)
    • v
    • Określnik formalny
    • relacje osobiste Belgów.
    • 2
    • Źródło terminu
    • kaba
    • 9
    • KHW
    • 384176
980 -Symbol UKD [ , ]
    • a
    • UKD
    • 94(44):929-051(44)]"1769/1821" Constant L. W.
700 -Hasło dodatkowe - nazwa osobowa [1, ]
    • a
    • Nazwa osobowa (NP)
    • Ewert, Tadeusz. Find
    • e
    • Określenie rodzaju współpracy
    • Tł.
    • 9
    • KHW
    • 70542
700 -Hasło dodatkowe - nazwa osobowa [1, ]
    • a
    • Nazwa osobowa (NP)
    • Skowronek, Jerzy Find
    • d
    • Daty biograficzne (NP)
    • (1937-1996).
    • e
    • Określenie rodzaju współpracy
    • Przedm.
    • 9
    • KHW
    • 14768
710 -Hasło dodatkowe - nazwa ciała zbiorowego [2, ]
    • a
    • Nazwa ciała zbiorowego lub nazwa geograficzna jako pierwszy element (NP)
    • Spółdzielnia Wydawnicza "Czytelnik".
    • 4
    • Kod relacji
    • pbl
    • 9
    • KHW
    • 52317
Sygnatura Data inwentaryzacji Lokalizacja Status udost. Numer inwentarzowy
Z.386932002-10-25BG1Z.38693
 2002-11-05BG1JK.11
 2014-05-07BNS1H.25649